Die 25 besten NFL Spieler aller Zeiten laut ChatGPT - Statistiken

Allgemein
  • Dieses Quiz wurde 43 mal gespielt
  • Das Durchschnittsergebnis liegt bei 7 aus 25
Antwortstatistiken
Antwort % Korrekt
14. Patrick Mahomes
100%
1. Tom Brady
97%
6. Peyton Manning
81%
2. Jerry Rice
57%
5. Joe Montana
49%
20. Dan Marino
41%
12. Barry Sanders
38%
9. Deion Sanders
38%
3. Jim Brown
38%
18. Emmitt Smith
35%
10. Aaron Donald
30%
15. Brett Favre
27%
8. Walter Payton
27%
4. Lawrence Taylor
22%
13. Ray Lewis
22%
7. Reggie White
11%
16. Dick Butkus
8%
11. Johnny Unitas
8%
19. Mean Joe Greene
5%
24. Ronnie Lott
5%
21. Gale Sayers
3%
25. Mike Singletary
3%
22. Alan Page
0%
17. Bronko Nagurski
0%
23. Rod Woodson
0%
Keine übereinstimmenden Quizze gefunden
Verteilung der Resultate
Anzahl Personen mit jedem Resultat
Perzentil nach korrekt beantworteten Fragen
Ihre Resultats-Entwicklung
Sie haben dieses Quiz noch nicht gespielt